01996njm a2200325Ia 450000100060000000300090000600500170001500800410003204000130007304000130008610000110009910000180011010000380012824500240016625000110019026000110020126000340021230000100024650000840025650503540034051100780069465000520077270002070082470000980103170001070112970001000123670001100133670001090144670001150155540058IT-RoPAU20220918181201.0131025s9999 xx 000 0 und d aIT-RoPAU cIT-RoPAU aAA.VV. eAutore musica gCodice autore musica SPICS: 12000 aIntermezzo, vol. 04 a1a ed. aITALIA bSELEZIONEc1972 [1a Ed.:1972] aDISCO aMusica classica. Musica operistica. Intermezzi tratti da opere di autori famosi aCavalleria rusticana, intermezzo - Pagliacci, intermezzo - Manon Lescaut, atto III: intermezzo - Guglielmo Ratcliff, intermezzo (Il sogno) - Fedora, atto II: interludio - L'amico Fritz, atto III: intermezzo - La Wally, atto III: preludio (a sera) - Silvano, barcarola - Adriana Lecouvreur, atto IV: preludio - I quattro rusteghi, atto II: intermezzo aOrchestra Stabile del Teatro Comunale di Bologna diretta da Basile Arturo aINTERMEZZO [DISCHI]eCodice MATERIA SPICS: 9950 aMascagni PietrodCodice autore musica SPICS: 11012eAutore musicapCavalleria rusticana, intermezzo - Guglielmo Ratcliff, intermezzo (Il sogno) - L'amico Fritz, atto III: intermezzo - Silvano, barcarola aLeoncavallo RuggierodCodice autore musica SPICS: 11470eAutore musicapPagliacci, intermezzo aPuccini GiacomodCodice autore musica SPICS: 11082eAutore musicapManon Lescaut, atto III: intermezzo aGiordano UmbertodCodice autore musica SPICS: 13179eAutore musicapFedora, atto II: interludio aCatalani AlfredodCodice autore musica SPICS: 13091eAutore musicapLa Wally, atto III: preludio (a sera) aCilea FrancescodCodice autore musica SPICS: 13779eAutore musicapAdriana Lecouvreur, atto IV: preludio aWolf-Ferrari ErmannodCodice autore musica SPICS: 8274eAutore musicapI quattro rusteghi, atto II: intermezzo